[Event "DSJ Weihnachtsturnier U20 2020"]
[Site "https://play.chessbase.com/en/play?room=DSJWeihnachtU20"]
[Date "2020.12.29"]
[Round "1"]
[White "Nguyen, Alex Dac-Vuong"]
[Black "Gazizov, Max"]
[Result "1-0"]
[Termination "time forfeit"]
[Board "15.1"]
[WhiteTitle "FM"]
[WhiteElo "2307"]
[BlackElo "1689"]
[WhiteTeam "Schachgemeinschaft Leipzig"]
[BlackTeam "Think Rochade - SC HRO"]
[PlyCount "85"]
[WhiteFideId "12984388"]
[BlackFideId "12951323"]
[EventRounds "7"]
[EventType "team-swiss"]
[EventDate "2020.12.29"]

1. e4 {[%emt 0:00:03]} c5 {[%emt 0:00:02]} 2. Nf3 {[%emt 0:00:02]} e6 {[%emt
0:00:01]} 3. d4 {[%emt 0:00:01]} cxd4 {[%emt 0:00:01]} 4. Nxd4 {[%emt 0:00:00]}
Nc6 {[%emt 0:00:01]} 5. Nb5 {[%emt 0:00:02]} d6 {[%emt 0:00:20]} 6. c4 { [%emt
0:00:04]} a6 {[%emt 0:00:23]} 7. N5c3 {[%emt 0:00:07]} Qc7 {[%emt 0:00:29]} 8.
Be3 {[%emt 0:00:04]} Nf6 {[%emt 0:00:12]} 9. Be2 {[%emt 0:00:08]} Rb8 { [%emt
0:00:14]} 10. O-O {[%emt 0:00:05]} Bd7 {[%emt 0:00:19]} 11. Nd2 {[%emt
0:00:06]} Be7 {[%emt 0:00:22]} 12. Rc1 {[%emt 0:00:04]} b6 {[%emt 0:00:03]} 13.
Nd5 {[%emt 0:01:17]} exd5 {[%emt 0:00:52]} 14. cxd5 {[%emt 0:00:00]} Qb7 {
[%emt 0:00:21]} 15. dxc6 {[%emt 0:00:04]} Bxc6 {[%emt 0:00:01]} 16. Bxa6 {
[%emt 0:00:25]} Qa8 {[%emt 0:00:52]} 17. Bd3 {[%emt 0:00:10]} O-O {[%emt
0:00:24]} 18. f3 {[%emt 0:00:41]} Rfc8 {[%emt 0:00:49]} 19. a3 {[%emt 0:00:11]}
Nd7 {[%emt 0:00:22]} 20. Qe2 {[%emt 0:00:13]} d5 {[%emt 0:01:00]} 21. exd5 {
[%emt 0:00:08]} Bxd5 {[%emt 0:00:02]} 22. Bf4 {[%emt 0:00:08]} Bc5+ {[%emt
0:00:20]} 23. Kh1 {[%emt 0:00:07]} Re8 {[%emt 0:00:10]} 24. Be4 {[%emt
0:00:31]} Rbc8 {[%emt 0:00:08]} 25. Qd3 {[%emt 0:00:22]} Nf6 {[%emt 0:00:07]}
26. b4 { [%emt 0:00:09]} Bf8 {[%emt 0:00:31]} 27. Rxc8 {[%emt 0:00:05]} Rxc8
{[%emt 0:00:04]} 28. Bf5 {[%emt 0:00:29]} Re8 {[%emt 0:00:34]} 29. Bg5 {[%emt
0:00:46]} Be7 {[%emt 0:00:58]} 30. Re1 {[%emt 0:00:40]} Ne4 {[%emt 0:00:24]}
31. fxe4 { [%emt 0:00:49]} Bxg5 {[%emt 0:00:04]} 32. Nf3 {[%emt 0:00:05]} Bf6
{[%emt 0:00:25]} 33. exd5 {[%emt 0:00:05]} Rd8 {[%emt 0:00:01]} 34. Bxh7+
{[%emt 0:00:02]} Kh8 {[%emt 0:00:01]} 35. Be4 {[%emt 0:00:13]} g6 {[%emt
0:00:01]} 36. Rc1 { [%emt 0:00:04]} Kg7 {[%emt 0:00:02]} 37. Rc7 {[%emt
0:00:04]} Qa4 {[%emt 0:00:04]} 38. d6 {[%emt 0:00:08]} Qe8 {[%emt 0:00:05]} 39.
h3 {[%emt 0:00:13]} Be5 { [%emt 0:00:02]} 40. Bxg6 {[%emt 0:00:17]} Bxd6 {[%emt
0:00:03]} 41. Rxf7+ { [%emt 0:00:02]} Kg8 {[%emt 0:00:02]} 42. Rg7+ {[%emt
0:00:15]} Kxg7 {[%emt 0:00:01]} 43. Bxe8 {[%emt 0:00:00] TimeB} 1-0

[Event "DSJ Weihnachtsturnier U20 2020"]
[Site "https://play.chessbase.com/en/play?room=DSJWeihnachtU20"]
[Date "2020.12.29"]
[Round "1"]
[White "Wiese, Erik"]
[Black "Faßhauer, Jacob"]
[Result "0-1"]
[Termination "normal"]
[Board "15.2"]
[WhiteElo "1613"]
[BlackElo "2127"]
[WhiteTeam "Think Rochade - SC HRO"]
[BlackTeam "Schachgemeinschaft Leipzig"]
[PlyCount "86"]
[WhiteFideId "16271602"]
[BlackFideId "12990167"]
[EventRounds "7"]
[EventType "team-swiss"]
[EventDate "2020.12.29"]

1. c4 {[%emt 0:00:05]} c5 {[%emt 0:00:03]} 2. Nc3 {[%emt 0:00:10]} Nc6 { [%emt
0:00:02]} 3. g3 {[%emt 0:00:07]} e6 {[%emt 0:00:02]} 4. Bg2 {[%emt 0:00:29]} a6
{[%emt 0:00:03]} 5. e3 {[%emt 0:00:06]} Nf6 {[%emt 0:00:10]} 6. Nge2 { [%emt
0:00:03]} Be7 {[%emt 0:00:08]} 7. O-O {[%emt 0:00:21]} O-O {[%emt 0:00:02]} 8.
d4 {[%emt 0:00:07]} cxd4 {[%emt 0:00:04]} 9. Nxd4 {[%emt 0:00:02]} Qc7 {[%emt
0:00:07]} 10. a3 {[%emt 0:00:15]} d6 {[%emt 0:00:05]} 11. b3 {[%emt 0:00:48]}
Bd7 {[%emt 0:00:04]} 12. Bb2 {[%emt 0:00:02]} Rfd8 {[%emt 0:00:02]} 13. Qe2
{[%emt 0:00:12]} Be8 {[%emt 0:00:06]} 14. Rac1 {[%emt 0:00:09]} Rac8 { [%emt
0:00:03]} 15. Rfd1 {[%emt 0:00:27]} Qb8 {[%emt 0:00:21]} 16. b4 {[%emt
0:01:15]} Ne5 {[%emt 0:00:27]} 17. Ne4 {[%emt 0:00:28]} b5 {[%emt 0:01:18]} 18.
cxb5 {[%emt 0:00:55]} axb5 {[%emt 0:00:04]} 19. Nc3 {[%emt 0:01:16]} Nc4 {
[%emt 0:00:16]} 20. Bf1 {[%emt 0:01:09]} d5 {[%emt 0:00:45]} 21. Nb3 {[%emt
0:00:27]} Qb6 {[%emt 0:01:16]} 22. Qc2 {[%emt 0:00:18]} Ra8 {[%emt 0:00:51]}
23. Ra1 {[%emt 0:00:20]} Rdc8 {[%emt 0:00:01]} 24. Bxc4 {[%emt 0:00:13]} Rxc4 {
[%emt 0:00:07]} 25. Nd2 {[%emt 0:00:05]} Rc7 {[%emt 0:00:06]} 26. Nf3 {[%emt
0:00:10]} Rac8 {[%emt 0:00:07]} 27. Qd3 {[%emt 0:00:08]} Ne4 {[%emt 0:01:05]}
28. Nxe4 {[%emt 0:00:17]} dxe4 {[%emt 0:00:01]} 29. Qxe4 {[%emt 0:00:06]} Bc6 {
[%emt 0:00:16]} 30. Qg4 {[%emt 0:00:02]} Bf8 {[%emt 0:00:10]} 31. Ng5 {[%emt
0:00:13]} h6 {[%emt 0:00:16]} 32. Nh3 {[%emt 0:00:10]} Qb7 {[%emt 0:00:06]} 33.
Nf4 {[%emt 0:00:03]} Bf3 {[%emt 0:00:04]} 34. Qh4 {[%emt 0:00:03]} Rc2 { [%emt
0:00:21]} 35. Rf1 {[%emt 0:00:02]} Rxb2 {[%emt 0:00:04]} 36. Nd3 { [%emt
0:00:02]} Rbc2 {[%emt 0:00:05]} 37. Ne5 {[%emt 0:00:02]} Qe4 {[%emt 0:00:18]}
38. Nxf3 {[%emt 0:00:04]} Qxf3 {[%emt 0:00:02]} 39. Qd4 {[%emt 0:00:02]} R8c4
{[%emt 0:00:08]} 40. Qb6 {[%emt 0:00:02]} Re2 {[%emt 0:00:05]} 41. Qxb5 { [%emt
0:00:02]} Rcc2 {[%emt 0:00:02]} 42. Qb8 {[%emt 0:00:04]} Rxf2 {[%emt 0:00:05]}
43. Qf4 {[%emt 0:00:04]} Qg2# {[%emt 0:00:01]} 0-1

[Event "DSJ Weihnachtsturnier U20 2020"]
[Site "https://play.chessbase.com/en/play?room=DSJWeihnachtU20"]
[Date "2020.12.29"]
[Round "1"]
[White "Haufe, Laurin"]
[Black "Witek, Jarne"]
[Result "1-0"]
[Termination "normal"]
[Board "15.3"]
[WhiteElo "2052"]
[BlackElo "1393"]
[WhiteTeam "Schachgemeinschaft Leipzig"]
[BlackTeam "Think Rochade - SC HRO"]
[PlyCount "21"]
[WhiteFideId "12976504"]
[BlackFideId "16247647"]
[EventRounds "7"]
[EventType "team-swiss"]
[EventDate "2020.12.29"]

1. e4 {[%emt 0:00:02]} e5 {[%emt 0:00:03]} 2. Nf3 {[%emt 0:00:01]} Nf6 { [%emt
0:00:04]} 3. Nxe5 {[%emt 0:00:02]} Nc6 {[%emt 0:00:04]} 4. Nxc6 {[%emt
0:00:02]} dxc6 {[%emt 0:00:01]} 5. Nc3 {[%emt 0:00:04]} Bc5 {[%emt 0:00:04]} 6.
Be2 {[%emt 0:00:22]} h5 {[%emt 0:00:05]} 7. O-O {[%emt 0:00:08]} Ng4 {[%emt
0:00:13]} 8. h3 {[%emt 0:00:19]} Qd6 {[%emt 0:01:24]} 9. e5 {[%emt 0:00:39]}
Qxe5 {[%emt 0:00:28]} 10. Bxg4 {[%emt 0:00:10]} hxg4 {[%emt 0:00:13]} 11. Re1 {
[%emt 0:00:06]} 1-0

[Event "DSJ Weihnachtsturnier U20 2020"]
[Site "https://play.chessbase.com/en/play?room=DSJWeihnachtU20"]
[Date "2020.12.29"]
[Round "1"]
[White "Peilert, Maximilian"]
[Black "Knüpfer, Tim"]
[Result "0-1"]
[Termination "normal"]
[Board "15.4"]
[WhiteElo "1068"]
[BlackElo "1885"]
[WhiteTeam "Think Rochade - SC HRO"]
[BlackTeam "Schachgemeinschaft Leipzig"]
[PlyCount "88"]
[WhiteFideId "34686312"]
[BlackFideId "16217489"]
[EventRounds "7"]
[EventType "team-swiss"]
[EventDate "2020.12.29"]

1. e4 {[%emt 0:00:11]} c5 {[%emt 0:00:02]} 2. Bc4 {[%emt 0:00:07]} Nc6 { [%emt
0:00:06]} 3. Nf3 {[%emt 0:00:05]} e6 {[%emt 0:00:08]} 4. Nc3 {[%emt 0:00:13]}
a6 {[%emt 0:00:04]} 5. a3 {[%emt 0:00:17]} b5 {[%emt 0:00:40]} 6. Ba2 { [%emt
0:00:09]} d6 {[%emt 0:00:07]} 7. d3 {[%emt 0:00:09]} Bb7 {[%emt 0:00:05]} 8.
Bg5 {[%emt 0:00:05]} Be7 {[%emt 0:00:05]} 9. Bxe7 {[%emt 0:00:15]} Ngxe7 {
[%emt 0:00:02]} 10. Qd2 {[%emt 0:00:05]} O-O {[%emt 0:00:06]} 11. Qg5 {[%emt
0:00:45]} h6 {[%emt 0:00:17]} 12. Qg3 {[%emt 0:00:53]} d5 {[%emt 0:00:26]} 13.
e5 {[%emt 0:00:22]} Nf5 {[%emt 0:01:56]} 14. Qg4 {[%emt 0:00:27]} Nfd4 {[%emt
0:00:06]} 15. Nxd4 {[%emt 0:01:35]} Nxd4 {[%emt 0:00:10]} 16. Rc1 {[%emt
0:00:32] } Qc7 {[%emt 0:00:39]} 17. Qg3 {[%emt 0:00:23]} a5 {[%emt 0:00:42]}
18. a4 { [%emt 0:00:58]} b4 {[%emt 0:01:02]} 19. Nb5 {[%emt 0:00:14]} Nxb5
{[%emt 0:00:06]} 20. axb5 {[%emt 0:00:04]} Qb6 {[%emt 0:00:48]} 21. c4 {[%emt
0:00:11]} bxc3 {[%emt 0:00:02]} 22. Rxc3 {[%emt 0:00:11]} Qxb5 {[%emt 0:00:07]}
23. Rb3 { [%emt 0:00:05]} Qc6 {[%emt 0:00:32]} 24. O-O {[%emt 0:00:11]} a4
{[%emt 0:00:26]} 25. Rc3 {[%emt 0:00:14]} d4 {[%emt 0:00:01]} 26. Rc2 {[%emt
0:00:11]} a3 { [%emt 0:00:01]} 27. Re1 {[%emt 0:00:24]} axb2 {[%emt 0:00:02]}
28. Rxb2 { [%emt 0:00:03]} Ra3 {[%emt 0:00:12]} 29. Bc4 {[%emt 0:00:53]} Rfa8
{[%emt 0:00:06]} 30. h3 {[%emt 0:00:05]} Ba6 {[%emt 0:00:08]} 31. Bxa6 {[%emt
0:00:08]} Qxa6 {[%emt 0:00:02]} 32. Re4 {[%emt 0:00:01]} Qxd3 {[%emt 0:00:04]}
33. Qxd3 { [%emt 0:00:12]} Rxd3 {[%emt 0:00:02]} 34. Rb5 {[%emt 0:00:03]} Rc8
{[%emt 0:00:02]} 35. Kf1 {[%emt 0:00:02]} Rd2 {[%emt 0:00:05]} 36. Ke1 {[%emt
0:00:02]} Ra2 {[%emt 0:00:01]} 37. Kd1 {[%emt 0:00:03]} Rxf2 {[%emt 0:00:06]}
38. g4 { [%emt 0:00:06]} Rh2 {[%emt 0:00:05]} 39. Re1 {[%emt 0:00:07]} c4
{[%emt 0:00:03]} 40. Kc1 {[%emt 0:00:02]} Rxh3 {[%emt 0:00:06]} 41. Re4 {[%emt
0:00:01]} d3 {[%emt 0:00:02]} 42. Rb2 {[%emt 0:00:09]} c3 {[%emt 0:00:01]} 43.
Rb3 {[%emt 0:00:03]} Rh1+ {[%emt 0:00:01]} 44. Re1 {[%emt 0:00:04]} Rxe1#
{[%emt 0:00:01]} 0-1

[Event "DSJ Weihnachtsturnier U20 2020"]
[Site "https://play.chessbase.com/en/play?room=DSJWeihnachtU20"]
[Date "2020.12.29"]
[Round "1"]
[White "Poggemann, Alexander"]
[Black "Keyser, Robin"]
[Result "1/2-1/2"]
[Termination "normal"]
[Board "16.1"]
[WhiteElo "1813"]
[BlackElo "2070"]
[WhiteTeam "Schachverein Hemer 1932 2"]
[BlackTeam "SK Johanneum Eppendorf"]
[PlyCount "124"]
[WhiteFideId "16224167"]
[BlackFideId "12986429"]
[EventRounds "7"]
[EventType "team-swiss"]
[EventDate "2020.12.29"]

1. e4 {[%emt 0:00:04]} e6 {[%emt 0:00:13]} 2. d4 {[%emt 0:00:03]} d5 {[%emt
0:00:01]} 3. exd5 {[%emt 0:00:01]} exd5 {[%emt 0:00:03]} 4. Nf3 {[%emt
0:00:01]} Bd6 {[%emt 0:00:01]} 5. Bd3 {[%emt 0:00:02]} Ne7 {[%emt 0:00:01]} 6.
c4 { [%emt 0:00:04]} dxc4 {[%emt 0:00:04]} 7. Bxc4 {[%emt 0:00:02]} O-O {[%emt
0:00:00]} 8. O-O {[%emt 0:00:09]} a6 {[%emt 0:00:10]} 9. Nc3 {[%emt 0:00:04]}
b5 { [%emt 0:00:27]} 10. Bb3 {[%emt 0:00:05]} Bb7 {[%emt 0:00:03]} 11. Bg5
{[%emt 0:00:04]} h6 {[%emt 0:00:05]} 12. Bh4 {[%emt 0:00:07]} Nbc6 {[%emt
0:00:23]} 13. Re1 {[%emt 0:00:09]} Na5 {[%emt 0:00:06]} 14. Bc2 {[%emt
0:00:05]} Qd7 { [%emt 0:00:06]} 15. Qd3 {[%emt 0:00:10]} Ng6 {[%emt 0:00:07]}
16. Bg3 {[%emt 0:00:29]} Bxg3 {[%emt 0:00:09]} 17. hxg3 {[%emt 0:00:12]} Bxf3
{[%emt 0:00:28]} 18. gxf3 {[%emt 0:00:12]} Rad8 {[%emt 0:00:03]} 19. Rad1
{[%emt 0:00:32]} Nc4 { [%emt 0:00:08]} 20. Bb3 {[%emt 0:00:06]} c5 {[%emt
0:01:52]} 21. Bxc4 {[%emt 0:01:06]} bxc4 {[%emt 0:00:03]} 22. Qxc4 {[%emt
0:00:03]} cxd4 {[%emt 0:00:01]} 23. Qxa6 {[%emt 0:00:13]} Qf5 {[%emt 0:00:16]}
24. Ne4 {[%emt 0:00:46]} Qxf3 { [%emt 0:00:13]} 25. Qe2 {[%emt 0:00:26]} Qf5
{[%emt 0:01:27]} 26. a4 {[%emt 0:02:08]} Ne5 {[%emt 0:00:04]} 27. Kg2 {[%emt
0:00:24]} Rfe8 {[%emt 0:00:03]} 28. b4 {[%emt 0:00:14]} d3 {[%emt 0:01:05]} 29.
Qe3 {[%emt 0:00:31]} Nc4 {[%emt 0:00:15]} 30. Qc5 {[%emt 0:00:18]} Qxc5 {[%emt
0:00:06]} 31. bxc5 {[%emt 0:00:24] } d2 {[%emt 0:00:13]} 32. Nxd2 {[%emt
0:01:09]} Rxe1 {[%emt 0:00:13]} 33. Rxe1 {[%emt 0:00:02]} Rxd2 {[%emt 0:00:04]}
34. Re8+ {[%emt 0:00:13]} Kh7 {[%emt 0:00:02]} 35. c6 {[%emt 0:00:03]} Nb6
{[%emt 0:00:27]} 36. c7 {[%emt 0:00:01]} Rc2 {[%emt 0:00:05]} 37. a5 {[%emt
0:00:05]} Rxc7 {[%emt 0:00:01]} 38. axb6 { [%emt 0:00:02]} Rb7 {[%emt 0:00:01]}
39. Rf8 {[%emt 0:00:09]} Kg6 {[%emt 0:00:03]} 40. f4 {[%emt 0:00:04]} Rxb6
{[%emt 0:00:02]} 41. g4 {[%emt 0:00:01]} Rb3 {[%emt 0:00:07]} 42. Ra8 {[%emt
0:00:06]} h5 {[%emt 0:00:19]} 43. Ra6+ { [%emt 0:00:02]} f6 {[%emt 0:00:09]}
44. gxh5+ {[%emt 0:00:01]} Kxh5 {[%emt 0:00:02]} 45. Ra5+ {[%emt 0:00:02]} Kg4
{[%emt 0:00:05]} 46. Ra7 {[%emt 0:00:01]} g6 {[%emt 0:00:06]} 47. Ra4 {[%emt
0:00:02]} Rb2+ {[%emt 0:00:04]} 48. Kf1 { [%emt 0:00:04]} Kf3 {[%emt 0:00:01]}
49. Ke1 {[%emt 0:00:03]} Ke3 {[%emt 0:00:12]} 50. Kd1 {[%emt 0:00:04]} Rf2
{[%emt 0:00:10]} 51. Ke1 {[%emt 0:00:02]} Rxf4 {[%emt 0:00:01]} 52. Ra6 {[%emt
0:00:04]} g5 {[%emt 0:00:06]} 53. Re6+ { [%emt 0:00:04]} Kf3 {[%emt 0:00:01]}
54. Kf1 {[%emt 0:00:02]} Kg4+ {[%emt 0:00:03]} 55. Kg2 {[%emt 0:00:01]} Rc4
{[%emt 0:00:04]} 56. Rxf6 {[%emt 0:00:03]} Rc2+ {[%emt 0:00:02]} 57. Rf2 {[%emt
0:00:02]} Rxf2+ {[%emt 0:00:03]} 58. Kxf2 {[%emt 0:00:00]} Kh3 {[%emt 0:00:02]}
59. Kg1 {[%emt 0:00:01]} Kg3 {[%emt 0:00:01]} 60. Kh1 {[%emt 0:00:02]} Kf2
{[%emt 0:00:01]} 61. Kh2 {[%emt 0:00:01]} g4 {[%emt 0:00:00]} 62. Kh1 {[%emt
0:00:01]} g3 {[%emt 0:00:00]} 1/2-1/2

[Event "DSJ Weihnachtsturnier U20 2020"]
[Site "https://play.chessbase.com/en/play?room=DSJWeihnachtU20"]
[Date "2020.12.29"]
[Round "1"]
[White "Keyser, Philipp"]
[Black "Mai, Artur"]
[Result "1-0"]
[Termination "normal"]
[Board "16.2"]
[WhiteElo "2030"]
[BlackElo "1737"]
[WhiteTeam "SK Johanneum Eppendorf"]
[BlackTeam "Schachverein Hemer 1932 2"]
[PlyCount "81"]
[WhiteFideId "12986437"]
[BlackFideId "16206851"]
[EventRounds "7"]
[EventType "team-swiss"]
[EventDate "2020.12.29"]

1. e4 {[%emt 0:00:04]} e6 {[%emt 0:00:02]} 2. d4 {[%emt 0:00:02]} d5 {[%emt
0:00:01]} 3. Nd2 {[%emt 0:00:01]} c5 {[%emt 0:00:02]} 4. exd5 {[%emt 0:00:04]}
exd5 {[%emt 0:00:00]} 5. Ngf3 {[%emt 0:00:03]} Nc6 {[%emt 0:00:01]} 6. Bb5 {
[%emt 0:00:01]} cxd4 {[%emt 0:00:01]} 7. O-O {[%emt 0:00:06]} Bd6 {[%emt
0:00:03]} 8. Re1+ {[%emt 0:00:02]} Nge7 {[%emt 0:00:01]} 9. Nb3 {[%emt
0:00:01]} O-O {[%emt 0:00:07]} 10. h3 {[%emt 0:00:03]} a6 {[%emt 0:00:40]} 11.
Bf1 {[%emt 0:00:03]} Qc7 {[%emt 0:00:26]} 12. Nbxd4 {[%emt 0:00:08]} Nf5 {[%emt
0:00:51] SKJE1-002 reconnected.} 13. c3 {[%emt 0:00:18]} Nfxd4 {[%emt 0:00:12]}
14. Nxd4 {[%emt 0:00:01]} Nxd4 {[%emt 0:00:23]} 15. Qxd4 {[%emt 0:00:03]} Bc5
{[%emt 0:00:01]} 16. Qxd5 {[%emt 0:00:13]} Be6 {[%emt 0:00:11]} 17. Qf3 {[%emt
0:00:05]} Rad8 {[%emt 0:00:10]} 18. Be3 {[%emt 0:00:12]} Rd6 {[%emt 0:00:43]}
19. Bf4 { [%emt 0:00:03]} Bd5 {[%emt 0:00:28]} 20. Qg3 {[%emt 0:00:06]} Qb6
{[%emt 0:00:05]} 21. Bxd6 {[%emt 0:00:09]} Bxd6 {[%emt 0:00:00]} 22. Qe3 {[%emt
0:00:02]} Bc5 {[%emt 0:00:04]} 23. Qd2 {[%emt 0:00:02]} Be6 {[%emt 0:01:44]}
24. Red1 { [%emt 0:00:17]} Qc7 {[%emt 0:00:20]} 25. b4 {[%emt 0:00:29]} Ba7
{[%emt 0:00:27]} 26. Rac1 {[%emt 0:00:12]} Qg3 {[%emt 0:00:11]} 27. c4 {[%emt
0:00:43]} Bxh3 {[%emt 0:00:33]} 28. Rc3 {[%emt 0:00:06]} Bxf2+ {[%emt 0:00:07]}
29. Qxf2 {[%emt 0:00:02]} Qxc3 {[%emt 0:00:04]} 30. gxh3 {[%emt 0:00:02]} Qxb4
{[%emt 0:00:23]} 31. Qd4 {[%emt 0:00:12]} Qe7 {[%emt 0:00:39]} 32. Bg2 {[%emt
0:00:21]} b5 {[%emt 0:00:14]} 33. c5 {[%emt 0:00:07]} g6 {[%emt 0:00:10]} 34.
c6 { [%emt 0:00:02]} Qc7 {[%emt 0:00:43]} 35. Qd7 {[%emt 0:00:11]} Rc8 {[%emt
0:00:05]} 36. Re1 {[%emt 0:00:27]} Qb6+ {[%emt 0:00:12]} 37. Kh1 {[%emt
0:00:04]} Rc7 {[%emt 0:00:00]} 38. Qd8+ {[%emt 0:00:28]} Kg7 {[%emt 0:00:06]}
39. Re8 { [%emt 0:00:04]} Rxc6 {[%emt 0:00:40]} 40. Rg8+ {[%emt 0:00:03]} Kh6
{[%emt 0:00:03]} 41. Qh4# {[%emt 0:00:02]} 1-0

[Event "DSJ Weihnachtsturnier U20 2020"]
[Site "https://play.chessbase.com/en/play?room=DSJWeihnachtU20"]
[Date "2020.12.29"]
[Round "1"]
[White "Jagodzinsky, Lukas"]
[Black "Killgus, Leonard"]
[Result "0-1"]
[Termination "normal"]
[Board "16.3"]
[WhiteElo "1216"]
[BlackElo "1962"]
[WhiteTeam "Schachverein Hemer 1932 2"]
[BlackTeam "SK Johanneum Eppendorf"]
[PlyCount "142"]
[WhiteFideId "16233255"]
[BlackFideId "12922021"]
[EventRounds "7"]
[EventType "team-swiss"]
[EventDate "2020.12.29"]

1. d4 {[%emt 0:00:09]} Nf6 {[%emt 0:00:26]} 2. c4 { [%emt 0:00:07]} g6 {[%emt
0:00:08]} 3. Nc3 {[%emt 0:00:05]} d5 {[%emt 0:00:03]} 4. cxd5 {[%emt 0:00:25]}
Nxd5 {[%emt 0:00:00]} 5. e4 {[%emt 0:00:06]} Nxc3 { [%emt 0:00:02]} 6. bxc3
{[%emt 0:00:03]} Bg7 {[%emt 0:00:01]} 7. Nf3 {[%emt 0:00:09]} c5 {[%emt
0:00:05]} 8. Be3 {[%emt 0:00:17]} Nc6 {[%emt 0:00:05]} 9. Bc4 {[%emt 0:00:17]}
cxd4 {[%emt 0:00:58]} 10. cxd4 {[%emt 0:00:09]} Qa5+ {[%emt 0:00:02]} 11. Qd2
{[%emt 0:00:26]} Qxd2+ {[%emt 0:00:02]} 12. Bxd2 {[%emt 0:00:15]} Nxd4 {[%emt
0:00:07]} 13. Nxd4 {[%emt 0:00:13]} Bxd4 {[%emt 0:00:00]} 14. Rd1 {[%emt
0:00:29]} O-O {[%emt 0:00:14]} 15. Bh6 {[%emt 0:00:19]} Bc3+ { [%emt 0:00:03]}
16. Bd2 {[%emt 0:00:24]} Bg7 {[%emt 0:00:06]} 17. O-O {[%emt 0:00:07]
Hemer2-003 offers a draw} Bg4 {[%emt 0:03:24]} 18. Rb1 {[%emt 0:00:16]} Rac8
{[%emt 0:00:10]} 19. Bd5 {[%emt 0:00:15]} Rc2 {[%emt 0:00:54]} 20. Be3 { [%emt
0:00:34]} b6 {[%emt 0:00:07]} 21. Rfc1 {[%emt 0:00:28]} Rfc8 {[%emt 0:00:09]}
22. Rxc2 {[%emt 0:00:13]} Rxc2 {[%emt 0:00:00]} 23. Rc1 {[%emt 0:00:05]} Rxc1+
{[%emt 0:00:08]} 24. Bxc1 {[%emt 0:00:03]} Be2 {[%emt 0:00:21]} 25. Ba3 { [%emt
0:00:16]} Kf8 {[%emt 0:00:10]} 26. g3 {[%emt 0:00:19]} Bf3 {[%emt 0:00:07]} 27.
Kf1 {[%emt 0:00:07]} Bc3 {[%emt 0:00:13]} 28. h4 {[%emt 0:00:46]} h5 { [%emt
0:00:31]} 29. Kg1 {[%emt 0:00:28]} f5 {[%emt 0:00:16]} 30. Bb3 {[%emt 0:01:36]}
Bxe4 {[%emt 0:00:51]} 31. Kf1 {[%emt 0:00:17]} Bf3 {[%emt 0:00:07]} 32. Be6
{[%emt 0:00:17]} Bd4 {[%emt 0:00:14]} 33. Bb4 {[%emt 0:00:27]} a5 {[%emt
0:00:06] Hemer2-003 offers a draw} 34. Ba3 {[%emt 0:00:07]} b5 {[%emt 0:00:02]}
35. Bd7 {[%emt 0:00:12]} b4 {[%emt 0:00:05]} 36. Bc1 {[%emt 0:00:04]} Bd5 {
[%emt 0:00:20]} 37. a4 {[%emt 0:00:07]} b3 {[%emt 0:00:05]} 38. Bb5 {[%emt
0:00:04]} Be4 {[%emt 0:00:06]} 39. Ba3 {[%emt 0:00:06]} b2 {[%emt 0:00:02]} 40.
Bxb2 {[%emt 0:00:02]} Bxb2 {[%emt 0:00:00]} 41. Bd7 {[%emt 0:00:04]} Bf3 {
[%emt 0:00:04]} 42. Ke1 {[%emt 0:00:01]} Bc3+ {[%emt 0:00:01]} 43. Kf1 { [%emt
0:00:01]} e5 {[%emt 0:00:00]} 44. Kg1 {[%emt 0:00:02]} Ke7 {[%emt 0:00:01]} 45.
Bb5 {[%emt 0:00:03]} Bd2 {[%emt 0:00:01]} 46. Kf1 {[%emt 0:00:02]} Kf6 {[%emt
0:00:06]} 47. Kg1 {[%emt 0:00:03]} g5 {[%emt 0:00:02]} 48. hxg5+ { [%emt
0:00:05]} Bxg5 {[%emt 0:00:00]} 49. Kf1 {[%emt 0:00:02]} Bd2 {[%emt 0:00:00]}
50. Kg1 {[%emt 0:00:01]} Ke7 {[%emt 0:00:01]} 51. Kh2 {[%emt 0:00:01]} Kd6
{[%emt 0:00:02]} 52. Kh3 {[%emt 0:00:00]} Bg5 {[%emt 0:00:03]} 53. Kh2 { [%emt
0:00:02]} Kc5 {[%emt 0:00:01]} 54. Kg1 {[%emt 0:00:02]} Kb4 {[%emt 0:00:01]}
55. Kf1 {[%emt 0:00:01] Hemer2-003 offers a draw} Bd2 {[%emt 0:00:03]} 56. Kg1
{[%emt 0:00:02]} Bd1 {[%emt 0:00:02]} 57. Kf1 {[%emt 0:00:02]} Bxa4 { [%emt
0:00:02]} 58. Bxa4 {[%emt 0:00:05]} Kxa4 {[%emt 0:00:00]} 59. Ke2 { [%emt
0:00:02]} Bg5 {[%emt 0:00:01]} 60. Kd3 {[%emt 0:00:04]} Kb3 {[%emt 0:00:01]}
61. Ke2 {[%emt 0:00:01]} a4 {[%emt 0:00:01]} 62. Kd3 {[%emt 0:00:01]} a3 {
[%emt 0:00:01]} 63. Ke2 {[%emt 0:00:01]} a2 {[%emt 0:00:01]} 64. Kd3 {[%emt
0:00:01]} a1=Q {[%emt 0:00:03]} 65. Ke2 {[%emt 0:00:00]} Qb2+ {[%emt 0:00:02]}
66. Kf3 {[%emt 0:00:00]} Qc3+ {[%emt 0:00:01]} 67. Kg2 {[%emt 0:00:00]} Qd2 {
[%emt 0:00:04]} 68. Kg1 {[%emt 0:00:00]} Be3 {[%emt 0:00:04]} 69. Kg2 {[%emt
0:00:01]} Qxf2+ {[%emt 0:00:02]} 70. Kh3 {[%emt 0:00:00]} Bg5 {[%emt 0:00:09]}
71. g4 {[%emt 0:00:04]} hxg4# {[%emt 0:00:00]} 0-1